LEADER 01226nam a2200289 a 4500 001 000000124707 003 CaOOAMICUS 005 20110315111405.0 008 110315s2010 it u000 u ita r 020 $a978-88-348-0961-7 040 $aPUL$bita 082 04$a346.4504 100 1 $aPorcari, Marco.$0(OLS)http://pul/name/78755 245 10$aLineamenti di tutela del copyright /$cMarco Porcari ; con la collaborazione di Laura Rampionesi. 260 $aTorino :$bG. Giappichelli,$c©2010. 300 $axii, 140 p. ;$c24 cm 504 $aComprende riferimenti bibliografici ed indice. 650 4$aDiritto d'autore$zItalia.$0(OLS)http://pul/subject/33815 700 1 $aRampionesi, Laura.$0(OLS)http://pul/name/78756 850 $aPUL 852 $aPUL$W1$xSL Diritto e Scienze Sociali 3$y79$m346. 4504 PORMA 1$j143590$qDDC 21$B142622$CPULBib$Z2$F142622 $H116287 $82 941 1 $a9 996 $6020$a978-88-348-0961-7$9(OLS)http://pul/number/146692 996 $6082$a346.4504$9(OLS)http://pul/classification/1822 996 $6245$aLineamenti di tutela del copyright$9(OLS)http://pul/title/157193 996 $6260$aTorino :$bG. Giappichelli$9(OLS)http://pul/publisher/49130 LEADER 01410nam a2200325 u 4500 001 000000012774 003 CaOOAMICUS 005 20070226105557.0 008 940517s1964 fr u000 u fre u 035 $a10307336 040 $aEFR$bita$dPUL(R) 100 1 $aDvorník, Franti?ek,$d1893-1975.$0(OLS)http://pul/name/683 245 10$aByzance et la primauté romaine /$cFrançois Dvornik. 260 $aParis :$bLes Éditions du Cerf,$c1964. 300 $a160 p. ;$c23 cm 490 1 $aUnam Sanctam ;$v49 500 $aIndex: p. [155]-160. 504 $aBibliographie en note. 650 4$aPapi$xPrimato$yEvo medio.$0(OLS)http://pul/subject/9079 650 4$aScisma d'Oriente.$0(OLS)http://pul/subject/653 830 0$aUnam Sanctam ;$v49.$0(OLS)http://pul/title/230 850 $aPUL 852 $aPUL$W1$xDP1 Fondo Maccarrone$y58$m1506 A 49 / 1506.B.23$j18024$nBK-PRI$b $qFondi$B18024$CPULBib$Z2$F18024 $H $81 852 $aPUL$W1$xSL Religione 2$y84$mTheol A10 49$j18025$nBK-PRI$b $qStampati altre collocazioni$B18025$CPULBib$Z2$F18025 $H $81 941 1 $a1 941 1 $a10 961 $aINV: 01728 / 01755 -- Fondo Mons. M. Maccarrone 961 $aINV: 25133 996 $6245$aByzance et la primauté romaine$9(OLS)http://pul/title/18477 996 $6260$aParis :$bLes Éditions du Cerf$9(OLS)http://pul/publisher/47861